How to learn flawless english : both spoken and written
| Main Author: | |
|---|---|
| Format: | Book |
| Published: |
New Delhi :
tata mcgraw-hill publishing ,
2007
|
| Subjects: |
MARC
| LEADER | 00000cam a2200000 7i4500 | ||
|---|---|---|---|
| 001 | 0000037005 | ||
| 005 | 20130711.0 | ||
| 008 | 130711 | ||
| 020 | |a 8176489271 | ||
| 090 | 0 | 0 | |a 428.1 |b TAR |
| 100 | 0 | |a Tarafder S.K. | |
| 245 | 1 | 0 | |a How to learn flawless english : |b both spoken and written |c S.K.Tarafder. |
| 260 | |a New Delhi : |b tata mcgraw-hill publishing , |c 2007 | ||
| 650 | 0 | |a Materials. | |
| 999 | |a 0001227806 |b Book |c Adult Collection |e Cawangan Tmn. Ungku Tun Aminah | ||